000 00579nam a2200241Ia 4500
005 20260320201129.0
008 008 262003s9999 xx 000 0 eng d
037 _aEBOOK
040 _aCRL
040 _beng
040 _cCRL
041 _2eng
041 _aeng
084 _qCRL
100 _aNayeri
_91134307
245 0 _aReflectarray Antennas: Theory, Designs, and Applications
260 _bIEEE
260 _c2018
856 _uhttps://ieeexplore.ieee.org/servlet/opac?bknumber=8320444
942 _cEBOOK
999 _c1719081
_d1719081